[Event "Lidums Checkmate Op"]
[Site "Adelaide"]
[Date "2007.07.07"]
[Round "2.21"]
[White "Brown, Andrew"]
[Black "Garcia-Blanco, Miguel"]
[Result "1-0"]
[Annotator "Anderson-Smith,William"]
[BlackElo "1699"]
[EventCountry "AUS"]
[EventDate "2007.07.07"]
[EventRounds "7"]
[EventType "swiss"]
[PlyCount "81"]
[WhiteElo "1915"]

{ D18: Slav Defence: 5 a4 Bf5 6 e3 } 1. d4 d5 2. c4 c6 3. Nc3 Nf6 4. Nf3 dxc4 5.
a4 Bf5 6. e3 e6 7. Bxc4 Bb4 8. O-O Nbd7 9. Qe2 Bxc3 ( 9... Ne4 10. Nxe4 Bxe4
11. Ne1 O-O 12. f3 Bd5 13. Bd3 e5 14. Qc2 exd4 15. Bxh7+ Kh8 16. Nd3 Bd6 17.
Bf5 dxe3 18. Bxe3 Nb6 19. b3 Re8 20. Bc5 Bc7 21. Rae1 Qg5 22. Bh3 Rxe1 23. Rxe1
Bxf3 24. Qf2 { Chandler,M  ( 2450 ) -Beliavsky,A  ( 2590 ) /Bucharest
1980/MCL/0-1  ( 44 )}  )10. bxc3 { White has the pair of bishops}  10... O-O
$146 ( 10... Nd5 11. Bd2 N7b6 12. Bb3 Bg6 13. e4 Nf6 14. Bg5 Bxe4 15. Nh4 Bg6
16. Nxg6 hxg6 17. Rac1 Qd6 18. g3 Rh5 19. Bf4 Qd7 20. Be5 O-O-O 21. c4 Rdh8 22.
c5 Nbd5 23. g4 Rh3 24. Bxd5 exd5 25. g5 { Groeger,E  ( 1265 ) -Jannes,A  ( 1515
) /Willingen 2003/CBM 094 ext/0-1  ( 32 )}  )11. Ba3 { White threatens to win
material: Ba3xf8}  11... Re8 12. Nd2 Ne4 13. Nxe4 Bxe4 14. f3 Bg6 15. e4 Nb6
16. Bb3 Qh4 17. a5 Nd7 18. g3 ( 18. Qf2 Qf4 $16 )18... Qh5 19. Bd6 e5 20. d5
Nf6 ( 20... Rad8 21. Rad1 cxd5 22. Bxd5 $18 )21. dxc6 $18 bxc6 22. Ba4 ( 22.
Qe3 Qh3 $18 )22... Rec8 ( 22... Rad8 $142 23. Rfd1 Nxe4 $16 )23. Rab1 $4 {
instead of simply winning the game}  ( 23. Qa6 Rd8 24. Rad1 Nd5 $18 )23... Bxe4
$4 { makes life more difficult}  ( 23... Nxe4 $142 { would have given Black the
upper hand}  24. g4 Nxc3 $17 )24. g4 $18 Qg6 ( 24... Qh3 25. fxe4 Qxc3 26. Rbd1
Qxa5 27. Qc4 $18 )25. fxe4 Nxg4 26. Qg2 ( 26. Kh1 { and White can already
relax}  26... Qxd6 27. Qxg4 Rc7 $18 )26... Qxd6 27. Qxg4 Qc5+ $2 ( 27... Rc7
28. a6 Rf8 29. Kh1 $18 )28. Kh1 Qxa5 ( 28... Rf8 29. Rb7 Qxc3 $18 )29. Bb3 (
29. Rxf7 $1 Kxf7 30. Bb3+ Qd5 31. Bxd5+ cxd5 32. Rb7+ Rc7 33. Rxc7+ Kf8 34.
Qxg7+ Ke8 35. Qe7# )29... Rc7 ( 29... Kh8 { does not help much}  30. Rxf7 Rg8
$18 )30. Bxf7+ ( 30. Rxf7 Rxf7 31. Bxf7+ Kf8 32. Bc4 Qd5 33. Bxd5 g6 34. Qd7
cxd5 35. Rb7 dxe4 36. Qf7# )30... Kh8 31. Rf3 Qc5 32. Rg1 ( 32. Qh5 $142 {
seems even better}  32... Qd6 33. Rg1 $18 )32... Qf8 ( 32... g6 $18 { there is
nothing better in the position} )33. Qg6 $1 { Mate attack}  33... h6 ( 33...
hxg6 34. Rh3# { Mate attack}  )( 33... -- 34. Qxh7+ { Mate threat}  )34. Qf5 (
34. Qh5 $142 { makes it even easier for White}  34... Rb7 35. Rg6 Rab8 $18
)34... a5 ( 34... Re7 { is not the saving move}  35. Qh5 Rb8 36. Rg6 Rb1+ 37.
Kg2 Rb2+ 38. Kg3 $18 )35. Qe6 ( 35. Qh5 $5 $142 { might be the shorter path} 
35... Rb7 36. Rg6 Rb1+ 37. Kg2 Rb7 $18 )35... Re7 36. Qc4 ( 36. Qg6 $142 {
keeps an even firmer grip}  36... a4 37. Qh5 $18 ( 37. Qxc6 $143 Rxf7 38. Rxf7
Qxf7 39. Qxa8+ Kh7 $18 ))36... Raa7 $4 { Black has lost his nerve...
understandable when you consider his position}  ( 36... a4 $18)37. Bh5 ( 37.
Rgf1 { makes it even easier for White}  37... Rxf7 38. Rxf7 Rxf7 39. Qxf7 Qxf7
40. Rxf7 Kh7 $18 )37... Qd8 ( 37... Qg8 { cannot change what is in store for ?}
 38. Qc5 Rf7 39. Bxf7 Rxf7 40. Rgf1 Rxf3 41. Rxf3 $18 )38. Qxc6 ( 38. Rgf1 $5 {
and White can already relax}  38... Ra8 39. Rf8+ Qxf8 40. Rxf8+ Rxf8 $18 )38...
a4 ( 38... Rac7 39. Qg6 Qg8 40. Rgf1 $18 )39. Qd5 ( 39. Rgf1 $142 { keeps an
even firmer grip}  39... Ra8 40. Rf8+ Qxf8 41. Rxf8+ Rxf8 42. Qc5 $18 )39...
Qb8 ( 39... Qxd5 40. exd5 g5 $18 )40. Rgf1 Kh7 41. Rf8 ( 41. Rf8 Rf7 42. Rxb8
Rxf1+ 43. Kg2 Raf7 44. Bxf7 Rf2+ 45. Kxf2 a3 46. Qd6 a2 47. Qg6# ) 1-0

[Event "Lidums Checkmate Op"]
[Site "Adelaide"]
[Date "2007.07.07"]
[Round "2.22"]
[White "Milton, Anthony W"]
[Black "Voon, Richard"]
[Result "1-0"]
[Annotator "Anderson-Smith,William"]
[BlackElo "1903"]
[EventCountry "AUS"]
[EventDate "2007.07.07"]
[EventRounds "7"]
[EventType "swiss"]
[PlyCount "49"]
[WhiteElo "1466"]

{ E43: Nimzo-Indian: Rubinstein: 4...b6 } 1. d4 Nf6 2. c4 e6 3. Nf3 b6 4. Nc3
Bb4 5. Bd2 O-O 6. e3 Bb7 7. Bd3 c5 8. O-O Na6 $146 ( 8... Bxc3 9. Bxc3 Ne4 10.
Bxe4 ( 10. Be1 d6 11. a3 Nd7 12. Qc2 f5 13. Rb1 Ndf6 14. b4 Rf7 15. bxc5 bxc5
16. Nd2 Nxd2 17. Bxd2 Rc8 18. d5 Re7 19. dxe6 Ne4 20. Be1 d5 21. f3 Nf6 22. Bh4
Qd6 23. Bxf5 Ba6 24. Rfd1 d4 { Bielicki,C-Gonzalez Garcia,J/Mar del Plata
1961/MCD/1-0  ( 37 )}  )10... Bxe4 11. dxc5 bxc5 12. Qd6 Bxf3 13. gxf3 Qb6 14.
Rfd1 Qxd6 15. Rxd6 Rc8 16. Rad1 Kf8 17. Kf1 f6 18. Ke2 Ke7 19. a3 Rc7 { 1/2-1/2
Sydor,A  ( 2425 ) -Iskov,G  ( 2415 ) /Dortmund 1976/MCD}  )( 8... Re8 9. a3
Bxc3 10. Bxc3 d6 11. Re1 Nbd7 12. e4 cxd4 13. Nxd4 Ne5 14. b3 a6 15. a4 Qc7 16.
Rc1 Rad8 17. Bb1 Ng6 18. Bb2 Qb8 19. Re3 Ba8 20. Ne2 e5 21. Nc3 Nf4 22. Rc2 a5
23. Rd2 { Graf,A  ( 2575 ) -Psakhis,L  ( 2605 ) /Tilburg 1994/CBM 044/1/2-1/2 
( 37 )}  )9. a3 Bxc3 10. Bxc3 ( { Less advisable is } 10. bxc3 Ne4 $15 )10...
d6 { Controls e5}  11. b4 Qe7 ( 11... Ne4 12. Bxe4 Bxe4 13. Re1 $14 )12. bxc5 (
12. dxc5 dxc5 13. Qa4 Ne8 $16 )12... dxc5 13. d5 ( 13. Ne5 $16)13... Rfd8 $2 (
13... exd5 $5 $142 { should not be overlooked}  14. Bxf6 Qxf6 15. cxd5 Nc7 $14
)14. e4 $18 exd5 ( 14... Nd7 $18)15. exd5 Ne8 $2 ( 15... Re8 $18)16. Re1 Qd6 (
16... Qd7 { does not save the day}  17. Re3 g6 18. Ne5 $18 )17. Ne5 ( 17. Ng5
$142 { makes it even easier for White}  17... g6 18. Qf3 $18 )17... Rac8 (
17... Qf8 $18 { is the last straw} )18. Bxh7+ $1 { Double attack: f7/h7}  18...
Kxh7 19. Qh5+ Qh6 20. Qf5+ g6 ( 20... Kg8 { is one last hope}  21. Qxf7+ Kh7
22. Qf5+ Kg8 $18 )21. Qxf7+ Qg7 22. Qf3 Kg8 23. Nc6 ( 23. Ng4 Qxc3 24. Qxc3 Rc7
25. Rxe8+ Rxe8 26. Nf6+ Kf7 27. Nxe8 Kxe8 28. Re1+ Re7 29. d6 Re4 30. Rxe4+
Bxe4 31. Qg7 Kd8 32. Qe7+ Kc8 33. d7+ Kb7 34. d8=Q+ Nc7 35. Qdxc7+ Ka6 36.
Qxa7# )23... Bxc6 24. Bxg7 ( 24. dxc6 $6 { is a useless try}  24... Qf7 25. Qh3
Ng7 $11 )24... Bxd5 ( 24... Nxg7 { the last chance for counterplay}  25. dxc6
Nb8 $18 )25. Qf8+ ( 25. Qf8+ Kh7 26. Qh8# ) 1-0

[Event "Lidums Checkmate Op"]
[Site "Adelaide"]
[Date "2007.07.07"]
[Round "2.23"]
[White "McColl, Kevin"]
[Black "Anderson-Smith, William"]
[Result "1-0"]
[Annotator "Anderson-Smith,William"]
[BlackElo "1629"]
[EventCountry "AUS"]
[EventDate "2007.07.07"]
[EventRounds "7"]
[EventType "swiss"]
[PlyCount "65"]
[WhiteElo "1900"]

{ C08: French Tarrasch: 3...c5 4 exd5 exd5 sidelines } 1. e4 e6 2. d4 d5 3. Nd2
c5 4. exd5 exd5 5. Ngf3 Nf6 6. Bb5+ Bd7 7. Qe2+ Be7 8. dxc5 O-O 9. Nb3 Re8 10.
Be3 Bxc5 11. Nxc5 ( 11. O-O-O Bxe3+ 12. fxe3 Qb6 13. Nbd4 Nc6 14. h3 Ne4 15.
Rhe1 Rac8 16. a3 a6 17. Bd3 Na5 18. Bxe4 dxe4 19. Nd2 Ba4 20. Kb1 Rc3 21. b3
Bd7 22. Ka2 Rec8 23. Nxe4 R3c7 24. Rd2 Be6 25. Rb1 Bd5 { Ducloux,J  ( 1230 )
-Naimsky,L  ( 1730 ) /St Quentin 2002/CBM 088 ext/0-1  ( 53 )}  )11... Qa5+ 12.
Qd2 Qxb5 13. O-O-O Qc6 $146 ( 13... Bg4 14. h3 ( 14. Bd4 Ne4 15. Qf4 Nc6 16.
Qxg4 Nxd4 17. Nxd4 Qxc5 18. Rhf1 Rac8 19. f3 Nd6 20. Rfe1 Rxe1 21. Rxe1 Nb5 22.
Qxc8+ Qxc8 23. Nxb5 g6 24. Nc3 Qf5 25. Kb1 Kg7 26. Rd1 Qf4 27. Nxd5 Qxh2 28.
Ne3 h5 { Bednarski,J  ( 2325 ) -Seegers,H/Germany 1984/GER-chT/0-1  ( 50 )} 
)14... Bh5 15. g4 Bg6 16. Nh4 Na6 17. Nxg6 hxg6 18. Nxa6 Qxa6 19. Kb1 Rad8 20.
f3 Qc6 21. Bd4 Re6 22. h4 Nh7 23. g5 Rde8 24. Bc3 Nf8 25. Qd4 f6 26. gxf6 Rxf6
27. Qg4 d4 28. Qxd4 { Tseshkovsky,V  ( 2570 ) -Vaganian,R  ( 2570 ) /Lvov
1978/MCL/1/2-1/2  ( 55 )}  )( 13... b6 14. Nxd7 Nbxd7 15. Kb1 Ne4 16. Qd3 Qxd3
17. Rxd3 Ndf6 18. h3 Nc5 19. Rdd1 Ne6 20. c3 b5 21. Nd4 a6 22. Nc2 a5 23. Rd3
Rab8 24. Rhd1 h6 25. f4 Rbc8 26. g4 d4 27. cxd4 Nd5 28. Rf1 { Karpov,A  ( 2725
) -Kortschnoj,V  ( 2665 ) /Baguio City 1978/MainBase/1/2-1/2  ( 64 )}  )14.
Nxd7 Nbxd7 15. Nd4 { White threatens to win material: Nd4xc6. The knight is not
easily driven from d4}  15... Qa6 { Black threatens to win material: Qa6xa2} 
16. Kb1 Rac8 ( 16... Ne5 17. Rhe1 $11 )17. f3 $14 { Prevents intrusion on
e4+g4}  17... Nb6 ( 17... Ne5 18. Bf2 $14 )18. b3 { Consolidates a4+c4}  18...
Nbd7 19. g4 ( 19. Nf5 Rc6 $16 )19... Nc5 20. Ne2 $4 { throwing away the
advantage}  ( 20. Qc1 Ne6 $11 )20... Nfd7 $4 { a transit from better to worse} 
( 20... d4 $142 { and Black is on the road to success}  21. Nxd4 Nd5 $19 )21.
Nc3 $14 { White threatens to win material: Nc3xd5}  21... Nb6 ( 21... Qf6 22.
Nxd5 Qxf3 23. Rhf1 $16 )22. Rhe1 $16 Ne6 23. Nxd5 ( 23. Bxb6 $5 axb6 24. Nxd5
$18 )23... Nxd5 $14 24. Qxd5 Rc6 ( 24... b5 25. f4 b4 26. Qd3 $16 )25. Bc1 (
25. c4 Rcc8 $18 )25... Rec8 ( 25... Rxc2 26. Kxc2 Qxa2+ 27. Kc3 Qa1+ 28. Kb4 b6
$18 )26. c4 $18 Qb6 27. Bb2 h6 28. h4 Rc5 ( 28... Rd8 29. Qe4 $18 )29. Qd7 Nf4
$4 { but even a better move would not have saved the game}  ( 29... R5c7 $142
30. Qd6 Qxd6 31. Rxd6 a6 $18 )30. Re8+ Rxe8 31. Qxe8+ Kh7 32. Qe4+ ( 32. Rd8
$142 { it becomes clear that White will call all the shots}  32... Ne6 33. Qg8+
Kg6 34. Rd7 $18 )32... Ng6 ( 32... Qg6 { praying for a miracle}  33. Rd7 Qxe4+
34. fxe4 Kg8 35. Rxb7 h5 $18 )33. h5 ( 33. h5 Rc7 34. Qd3 $18 ) 1-0

[Event "Lidums Checkmate Op"]
[Site "Adelaide"]
[Date "2007.07.07"]
[Round "2.24"]
[White "Hvistendahl, Robert"]
[Black "Ajith, Chol Solomon"]
[Result "0-1"]
[Annotator "Anderson-Smith,William"]
[BlackElo "1430"]
[EventCountry "AUS"]
[EventDate "2007.07.07"]
[EventRounds "7"]
[EventType "swiss"]
[PlyCount "29"]
[WhiteElo "1855"]

{ C64: Ruy Lopez: Classical Defence  ( 3...Bc5 )  except 4 0-0 Nf6 } 1. e4 e5 2.
Nf3 Nc6 3. Bb5 Bc5 4. O-O f6 $146 { Secures g5}  ( 4... Bb6 5. Bxc6 dxc6 6.
Nxe5 Be6 7. d3 Qf6 8. Nc4 Bxc4 9. dxc4 Ne7 10. Nd2 a5 11. a4 Qe6 12. Qe2 f5 13.
Nb3 O-O-O 14. c5 Ba7 15. Bg5 h6 16. Bxe7 Qxe7 17. Qe1 fxe4 18. Qxa5 Kb8 19.
Rae1 { Baumegger,S  ( 2357 ) -Fahrner,K  ( 2365 ) /Mureck 2001/CBM 083 ext/0-1 
( 39 )}  )( 4... a6 5. Bxc6 dxc6 6. Nc3 Qf6 7. Re1 Ne7 8. d3 Bg4 9. Kf1 O-O 10.
Be3 Bxe3 11. fxe3 Ng6 12. d4 exd4 13. exd4 Nh4 14. Re3 Rad8 15. Qe2 Rxd4 16.
Ke1 Bxf3 17. gxf3 Rfd8 18. Rd1 Rxd1+ 19. Nxd1 { Legaspi Kaye Ann-Sim Yan
Xing/Vung Tau 2004/CBM 102 ext/0-1  ( 51 )}  )( 4... f5 5. exf5 Nge7 6. Nxe5
O-O 7. Bxc6 Nxc6 8. Nc3 Rxf5 9. Nxc6 dxc6 10. Ne4 Qh4 11. d3 Rh5 12. Bf4 Bg4
13. Qd2 Bd4 14. Bxc7 Re8 15. Bg3 Qd8 16. Rae1 Be5 17. b3 Re6 18. Bxe5 Rhxe5 19.
f3 { Roiz Baztan,D-Cenal Gutierrez,R/Candas 1992/TD/1-0  ( 31 )}  )( 4... Qf6
$5 $14 $142 { has some apparent merit} )5. c3 $16 Nge7 6. d4 exd4 7. cxd4 ( 7.
Nxd4 $6 O-O $14 )7... Bb6 8. Nc3 O-O 9. e5 ( 9. d5 $5 $142 Ne5 10. Nxe5 fxe5
11. d6 $16 )9... fxe5 $14 10. dxe5 d5 11. Bg5 { White has an active position} 
( 11. exd6 $5 { must definitely be considered}  11... Qxd6 12. Qxd6 cxd6 13.
Be3 $14 )11... Bg4 $15 12. Rc1 ( 12. Be2 Qd7 $15 )12... Bxf3 $17 13. gxf3 Nxe5
14. f4 N5g6 $4 { there were better ways to keep up the pressure}  ( 14... Nf7
$142 15. Bxe7 Qxe7 16. Nxd5 Qh4 $17 )15. Nxd5 $14 { Following moves unknown.
Decoy: d5.}   0-1

[Event "Lidums Checkmate Op"]
[Site "Adelaide"]
[Date "2007.07.07"]
[Round "3.1"]
[White "Rogers, Ian"]
[Black "Chow, Samuel"]
[Result "1-0"]
[Annotator "Fritz 10"]
[BlackElo "2297"]
[EventCountry "AUS"]
[EventDate "2007.07.07"]
[EventRounds "7"]
[EventType "swiss"]
[PlyCount "81"]
[WhiteElo "2624"]

{ C13: French: Classical System: 4 Bg5 Be7, Alekhine-Chatard Attack } 1. e4 e6
2. d4 d5 3. Nc3 Nf6 4. Bg5 dxe4 5. Nxe4 Be7 6. Bxf6 gxf6 7. Nf3 b6 8. Bc4 Bb7
9. Qe2 c6 10. O-O O-O $146 ( 10... Qc7 11. Rfe1 ( 11. a4 a5 12. c3 Nd7 13. Rfb1
h5 14. h4 Qf4 15. g3 Qg4 16. Re1 Rg8 17. Kh2 Rg7 18. Ng1 f5 19. Qxg4 Rxg4 20.
Nd2 Bd6 21. Ngf3 O-O-O 22. Be2 Rg7 23. Nc4 Bc7 24. Nfe5 Nf6 25. Bf3 Ng4+ {
Stelting,T  ( 2265 ) -Putzbach,G  ( 2310 ) /Germany 1990/GER-chT2/0-1  ( 64 )} 
)11... Nd7 12. Ng3 O-O-O 13. Ba6 ( 13. a4 a5 14. Ba6 h5 15. c3 h4 16. Nf1 Nf8
17. b4 axb4 18. cxb4 Ng6 19. Rec1 Nf4 20. Bxb7+ Kxb7 21. Qc4 Rhg8 22. Ne3 Nxg2
23. Nxg2 h3 24. b5 Rxg2+ 25. Kf1 c5 26. a5 Qf4 27. Qe2 Rgg8 { Kindermann,S  (
2560 ) -Meister,P  ( 2420 ) /Germany 1990/GER-chT/0-1  ( 45 )}  )13... Kb8 14.
Bxb7 Qxb7 15. a4 Nf8 16. a5 Ng6 17. axb6 axb6 18. Ra4 Kc7 19. Rd1 Ra8 20. Rxa8
Rxa8 21. c4 Ra5 22. Nf1 Qa6 23. g3 Ra1 24. Ne3 Rxd1+ 25. Qxd1 {
Rossolimo,N-Kramer,H/Amsterdam 1950/MCL/1/2-1/2  ( 40 )}  )( 10... Nd7 11. Ba6
( 11. Nh4 O-O 12. Ng3 Kh8 13. Nhf5 c5 14. Nxe7 Qxe7 15. Nf5 Qd8 16. Nd6 Qc7 17.
Nxb7 Qxb7 18. Rad1 cxd4 19. Rxd4 Ne5 20. Bd3 Qc7 21. Re1 Ng6 22. Qd2 f5 23. Rc4
Qd8 24. Qc3+ Kg8 25. g3 Ne7 { Iordachescu,V  ( 2592 ) -Andersson,U  ( 2562 )
/Kusadasi 2006/CBM 111 ext/1/2-1/2  ( 40 )}  )11... Bxa6 12. Qxa6 Qc7 13. c4
O-O 14. Qa4 Rfd8 15. Rad1 Nf8 16. Qb3 Rd7 17. d5 cxd5 18. cxd5 Qb7 19. Nc3 Rad8
20. Rfe1 exd5 21. Ne2 d4 22. Rxd4 Bc5 23. Rxd7 Rxd7 24. Nf4 Qc6 25. Qc3 {
Shirov,A  ( 2736 ) -Timman,J  ( 2578 ) /Wijk aan Zee 2004/CBM 099/1-0  ( 100 )}
 )11. Rad1 Kh8 12. Rfe1 Nd7 { Black has a cramped position}  13. Bb3 b5 ( 13...
Rg8 14. c4 Qf8 15. d5 exd5 16. cxd5 $11 )14. c3 { Secures b4}  14... Rg8 15.
Ng3 Bf8 16. Kh1 Qc7 17. Nh5 c5 18. Ng3 ( 18. Bc2 $5 $11 { should be
investigated more closely} )18... c4 $17 19. Bc2 Qf4 ( 19... Nb6 $5 $15)20. Be4
$11 Bxe4 21. Qxe4 ( { Not } 21. Nxe4 Nb6 $15 )21... Qxe4 22. Nxe4 Kg7 ( 22...
Rg6 23. d5 Nb6 24. dxe6 fxe6 25. g3 $11 )23. d5 $14 Nb6 ( 23... Nc5 $5 $142 {
must be considered}  24. Nxc5 Bxc5 25. dxe6 fxe6 26. Rd7+ Kh8 27. Rxe6 Rad8 28.
Rxd8 Rxd8 $16 )24. dxe6 $18 fxe6 25. Nd4 e5 26. Nxb5 Be7 27. b3 Rgc8 28. g4
cxb3 29. axb3 a5 30. Nbd6 Rc7 31. c4 ( 31. Nf5+ Kf7 $18 )31... Nd7 ( 31... Kf8
32. Re2 $18 )32. Rd5 { White prepares c5}  32... Kf8 ( 32... Bxd6 33. Nxd6 Nc5
34. g5 Nxb3 35. gxf6+ Kxf6 36. Rdxe5 $18 )33. Red1 ( 33. Ra1 Bxd6 34. Nxd6 a4
$18 )33... Nb6 ( 33... Bxd6 34. Rxd6 Nc5 35. Nxc5 Rxc5 36. Rxf6+ Kg8 37. Rf5
$18 )34. Rb5 Rc6 ( 34... Nc8 35. c5 $18 )35. Nf5 a4 36. c5 Nc8 37. b4 ( 37.
bxa4 $5 { might be the shorter path}  37... Rxa4 38. f3 Ra7 $18 )37... Rc7 38.
Ra1 a3 ( 38... Rca7 39. Ra3 $18 ( 39. Nxe7 $143 Kxe7 40. Ra3 Kd7 $18 ))39. Kg2
( 39. Nxe7 $142 { seems even better}  39... Nxe7 40. Ra5 Rxa5 41. bxa5 $18
)39... a2 $4 { a blunder in a bad position}  ( 39... Rca7 $18 $142)40. Nc3 Na7
( 40... Ke8 { no good, but what else?}  41. Rxa2 Rxa2 42. Nxa2 Kd7 $18 )41.
Rxa2 ( 41. Rxa2 Rd8 42. Rb6 $18 ) 1-0

[Event "Lidums Checkmate Op"]
[Site "Adelaide"]
[Date "2007.07.07"]
[Round "3.2"]
[White "Sandler, Leonid"]
[Black "Antic, Dejan"]
[Result "0-1"]
[Annotator "Fritz 10"]
[BlackElo "2471"]
[EventCountry "AUS"]
[EventDate "2007.07.07"]
[EventRounds "7"]
[EventType "swiss"]
[PlyCount "56"]
[WhiteElo "2345"]

{ A34: Symmetrical English: 2 Nc3, lines with ...d5 } 1. Nf3 c5 2. c4 Nf6 3. Nc3
d5 4. cxd5 Nxd5 5. g3 Nc6 6. Bg2 Nc7 7. O-O e5 8. d3 Be7 9. Be3 O-O 10. Nd2 Bd7
11. Nc4 f6 12. f4 $146 ( 12. a4 Kh8 13. a5 ( 13. Nb5 Ne6 14. Nbd6 Ned4 15. Bxd4
cxd4 16. Nxb7 Qc7 17. Rc1 Qxb7 18. Na5 Qxb2 19. Nxc6 Ba3 20. Rb1 Qc3 21. Rb3
Qc5 22. Qa1 Bxc6 23. Bxc6 Qxc6 24. Qxa3 Rac8 25. Rfb1 Rf7 26. Rb8 h6 27. Rxc8+
Qxc8 { Weiss,C  ( 2325 ) -Zelcic,R  ( 2530 ) /Montecatini Terme 1997/CBM 061
ext/1/2-1/2  ( 42 )}  )13... Rb8 14. f4 exf4 15. Bxf4 Nb4 16. e4 Ra8 17. Bxc7
Qxc7 18. Nd5 Nxd5 19. exd5 Rad8 20. Re1 Rfe8 21. Rxe7 { 1-0 Seret,J  ( 2455 )
-Bousmaha,A  ( 2205 ) /Luzern 1985/MCD}  )( 12. Ne4 b6 13. f4 Nd5 14. Bd2 b5
15. Ncd6 Qb6 16. Qb3 c4+ { 0-1 Alard,P  ( 1994 ) -Deiller,P  ( 2123 ) /Condom
2004/CBM 101 ext}  )12... b5 { Black threatens to win material: b5xc4}  13. Nd2
Rb8 14. Nde4 ( 14. a4 b4 15. Nb5 a6 16. Nxc7 Qxc7 $11 )14... exf4 ( 14... Nd4
15. fxe5 fxe5 16. Rxf8+ Qxf8 17. Nd2 $15 )15. gxf4 ( 15. Bxf4 f5 16. Nf2 g5 17.
Bxc7 Qxc7 $11 )15... Nd4 $11 16. b4 ( 16. Ng3 $5 $11 { is an interesting idea}
)16... Bg4 $17 17. h3 Bh5 18. a3 ( 18. Nxc5 $5 Bxc5 19. bxc5 $17 )18... cxb4
$19 19. axb4 Bxb4 20. Rxa7 Bxc3 21. Nxc3 b4 22. Rxc7 ( 22. Qa4 Nf5 23. Rxc7
Qxc7 $19 ( 23... Nxe3 24. Qa7 Kh8 25. Rd7 Qxd7 26. Qxd7 Nxf1 27. Nb1 $19 )(
23... bxc3 $6 24. Qa7 $15 ))22... bxc3 23. Bxd4 ( 23. Rc5 Nxe2+ 24. Kh2 Qe8 $19
)23... Qxc7 ( 23... Qxd4+ $6 24. Kh1 $17 )24. Bd5+ ( 24. Qc2 Rfc8 $19 )24...
Bf7 25. Be4 ( 25. Bxf7+ Kxf7 26. Qe1 $19 )25... c2 26. Qd2 ( 26. Qa1 {
desperation}  26... Qd7 27. Kg2 $19 )26... Rb1 27. Bc3 Rxf1+ ( 27... f5 $142 {
and Black wins}  28. Qxc2 Rxf1+ 29. Kxf1 fxe4 30. Qd2 $19 )28. Kxf1 Rb8 ( 28...
Rb8 29. Qxc2 Rb3 $19 ( 29... Qxf4+ $143 30. Bf3 $19 )) 0-1

[Event "Lidums Checkmate Op"]
[Site "Adelaide"]
[Date "2007.07.07"]
[Round "3.3"]
[White "Toth, Andras"]
[Black "Stojic, Dusan"]
[Result "1-0"]
[Annotator "Fritz 10"]
[BlackElo "2169"]
[EventCountry "AUS"]
[EventDate "2007.07.07"]
[EventRounds "7"]
[EventType "swiss"]
[PlyCount "43"]
[WhiteElo "2421"]

{ B87: Sicilian Scheveningen/Najdorf: 6 Bc4, with early ...b5 } 1. e4 c5 2. Nf3
d6 3. d4 cxd4 4. Nxd4 Nf6 5. Nc3 a6 6. Bc4 e6 7. Bb3 b5 8. Bg5 Be7 9. Qf3 Qb6
10. O-O-O Nbd7 11. Rhe1 Nc5 12. Nf5 exf5 ( 12... Nxb3+ 13. axb3 exf5 14. Bxf6
gxf6 15. Nd5 Qd8 16. Nxe7 Kxe7 17. exf5+ Be6 18. Re2 Qd7 19. Rde1 Rae8 20. fxe6
fxe6 21. Rxe6+ Qxe6 22. Qb7+ Kf8 23. Rxe6 Rxe6 24. Qc8+ Re8 25. Qxa6 Kg7 26.
Qxb5 Re1+ 27. Kd2 { Philippe,C  ( 2399 ) -Sardo,G  ( 2186 ) /Lodi 2006/CBM 112
ext/1-0  ( 38 )}  )13. Bxf6 gxf6 14. Nd5 Qd8 15. Nxe7 $146 ( 15. exf5 Ra7 16.
Qg4 Kf8 17. Re3 h5 18. Qf4 a5 19. a3 Nxb3+ 20. cxb3 Rc7+ 21. Kb1 Kg7 22. Rg3+
Kf8 23. Re3 Kg7 24. Rde1 Bf8 25. Rg3+ Kh7 26. Re8 { 1-0 Tukhaev,A  ( 2438 )
-Wojtaszek,R  ( 2591 ) /Belfort 2005/CBM 107 ext}  )15... Qxe7 ( 15... fxe4 16.
Nc6 Be6 $18 )16. exf5 Bb7 17. Bd5 Bxd5 ( 17... Ne6 { cannot change destiny} 
18. Bxb7 Ra7 19. Bd5 $18 )18. Qxd5 Rd8 19. Qc6+ Kf8 20. Rxe7 Kxe7 21. b4 Na4
22. Qc7+ ( 22. Qc7+ Rd7 23. Re1+ Kf8 24. Qxd7 Nc3 25. Qxd6+ Kg7 26. Qg3+ Kh6
27. Qxc3 Rc8 28. Qxf6+ Kh5 29. Re4 Rxc2+ 30. Kxc2 h6 31. g4# ) 1-0

[Event "Lidums Checkmate Op"]
[Site "Adelaide"]
[Date "2007.07.07"]
[Round "3.4"]
[White "Obst, James"]
[Black "Tao, Trevor"]
[Result "0-1"]
[Annotator "Fritz 10"]
[BlackElo "2354"]
[EventCountry "AUS"]
[EventDate "2007.07.07"]
[EventRounds "7"]
[EventType "swiss"]
[PlyCount "51"]
[WhiteElo "2234"]

{ C02: French: Advance Variation } 1. d4 e6 2. e4 d5 3. e5 c5 4. c3 Nc6 5. Nf3
Nge7 6. a3 Nf5 7. b4 cxd4 8. cxd4 Qb6 9. Bb2 Be7 10. Bd3 Bd7 11. Nbd2 a5 12. b5
Ncxd4 13. Nxd4 Nxd4 14. Qg4 $146 ( 14. a4 O-O 15. Nc4 dxc4 16. Bxd4 Bc5 17.
Bxc5 Qxc5 18. Be2 Qxe5 19. O-O Rfd8 20. Qc2 Rac8 21. Ra3 c3 22. Bf3 b6 23. Rc1
Rc5 24. Rxc3 Rdc8 25. Rxc5 Rxc5 26. Qd2 Rxc1+ 27. Qxc1 g6 28. g3 Qd4 {
Schlosser,M  ( 2430 ) -Ulibin,M  ( 2495 ) /Sochi 1989/CBM 016/1/2-1/2  ( 61 )} 
)14... Nf5 15. Bxf5 exf5 16. Qxg7 { Black has the pair of bishops}  16... O-O-O
17. Qxf7 Bc5 { Black threatens to win material: Bc5xf2}  18. Rc1 Kb8 { Black
king safety improved}  19. O-O Bxb5 20. Rxc5 Qxc5 { Black wins the exchange} 
21. Rc1 Qb6 22. e6 { Is this a dangerous pawn?}  ( 22. Qxf5 $4 { That pawn is
poisoned}  22... Rhf8 23. Bd4 Qxd4 $19 ( 23... Rxf5 $6 { is a useless try}  24.
Bxb6 Rc8 25. Ba7+ Kxa7 26. Rxc8 $15 ))22... d4 ( 22... Rhf8 23. Qxh7 Qxe6 24.
Qc7+ Ka8 25. Qxa5+ Qa6 26. Qb4 $15 )23. a4 { White threatens to win material:
a4xb5}  ( 23. Qxf5 Rhe8 24. Nf3 $11 )23... Bxa4 24. Ba3 ( 24. Nc4 Qb5 25. Qf6
$11 )24... Bc6 ( 24... Rc8 $142 25. Rb1 Qc6 26. Qxf5 Rhe8 $11 )25. Bc5 $4 {
ruins a clearly superior position}  ( 25. e7 $142 { was a good chance to save
the game}  25... Rde8 26. Qxf5 $18 )25... Qb2 $19 26. h3  0-1